000 00489nam a22002417a 4500
003 UA-OsUOA
001 31514
007 ta
008 20041223b un ||||| |||| 00| 0 ukr d
090 _a82.161.2
_bМ63
942 _cBK
040 _aUA-OsUOA
_brus
_cUA-OsUOA
_dUA-OsUOA
245 _aТвори
300 _a416 с.
955 _a0
041 _arus
080 _a82.161.2
260 _aКиїв
246 3 1 _aТ. 3
_n
044 _aRU
650 7 _2UDC
999 _c317941
_d317941